Online
Catalog

El potencial humano en el desarrollo : (Record no. 22993)

MARC details
000 -CABECERA
campo de control de longitud fija 00838nam a2200217 a 4500
001 - NÚMERO DE CONTROL
campo de control 000023497
005 - FECHA Y HORA DE LA ÚLTIMA TRANSACCIÓN
campo de control 20200930022248.0
008 - DATOS DE LONGITUD FIJA--INFORMACIÓN GENERAL
campo de control de longitud fija 101209s1981 mx r 000 0 spa d
040 ## - FUENTE DE LA CATALOGACIÓN
Centro catalogador/agencia de origen DO-SdBNP
Lengua de catalogación spa
Centro/agencia transcriptor BNPHU
041 17 - CÓDIGO DE LENGUA
Código de lengua del texto/banda sonora o título independiente spa
Código de lengua original eng
Fuente del código Código de idiomas MARC
082 ## - NÚMERO DE LA CLASIFICACIÓN DECIMAL DEWEY
Número de clasificación nnnn
Número de documento/Ítem G493p
049 ## - FONDOS LOCALES (OCLC)
Fondos de biblioteca BNGR
100 1# - ENTRADA PRINCIPAL--NOMBRE DE PERSONA
Nombre de persona Ginzberg, Eli,
9 (RLIN) 48422
240 10 - TÍTULO UNIFORME
Título uniforme Manpower for development.
Lenguaje de la obra Español.
245 13 - MENCIÓN DE TÍTULO
Título El potencial humano en el desarrollo :
Resto del título perspectivas en cinco continentes /
Mención de responsabilidad, etc. Eli Ginzberg ; traducción de Elisa Moreno C.
260 ## - PUBLICACIÓN, DISTRIBUCIÓN, ETC.
Lugar de publicación, distribución, etc. México :
Nombre del editor, distribuidor, etc. NOEMA,
Fecha de publicación, distribución, etc. 1981.
300 ## - DESCRIPCIÓN FÍSICA
Extensión 155, p. ;
Dimensiones 21 cm.
504 ## - NOTA DE BIBLIOGRAFÍA, ETC.
Nota de bibliografía, etc. Incluye referencias bibliográficas y notas al pie de las páginas.
534 ## - NOTA SOBRE LA VERSIÓN ORIGINAL
Frase introductoria Título original en inglés:
Mención de título del original Manpower for development.
Publicación, distribución, etc. del original New York : Praeger Publishers, 1978
700 1# - PUNTO DE ACCESO ADICIONAL--NOMBRE DE PERSONA
Nombre de persona Moreno C. Elisa,
Término indicativo de función/relación tr.
9 (RLIN) 48423
Holdings
Estado de retiro Estado de pérdida Restricciones de uso No para préstamo Código de colección Localización permanente Ubicación/localización actual Ubicación en estantería Fecha de adquisición Número de inventario Total de préstamos Signatura topográfica completa Código de barras Fecha visto por última vez Precio válido a partir de Tipo de ítem Koha
    Préstamo interno   Monografías: Libros y Folletos General General En catalogación 09.12.2010 LF1   nnnn G493p 23497-10 25.06.2020 25.06.2020 Préstamo interno

Powered by Koha